000 00362nam a2200157Ia 4500
008 151213s9999 xx 000 0 und d
100 _aConstable
245 _aThe Bull Wark
_cConstable
250 _a18th
260 _aLondon
_bTheodorbrelsan
_cII
300 _a4331 p.
650 _aLiterature
650 _aLiterature
700 _aConstable
999 _c2745
_d2745